000 00474nmm a22001817a 4500
005 20161107103005.0
008 150626b xxu||||| |||| 00| 0 spa d
041 _aspa
082 _aTU 58
100 _aFernández Ramírez, Andrés
_930523
245 _aInforme de práctica supervisada realizada en INTERBUS
260 _c2016
650 _aCOSTA RICA
_930524
650 _aTURISMO
_9894
650 _aFODA
_9954
650 _aTRANSPORTE TURÍSTICO
_911935
942 _cIP
999 _c8607
_d8607